Statistiques concernant Réponses fusionnées

Cliquez ici pour prendre le quiz!

Statistiques générales

  • Ce quiz a été pris 42 fois
  • Le résultat moyen est 10 sur 30

Statistiques - réponses

HintRéponse% Correct
Qui est ce sorcier, maître du chat Azrael et ennemi des schtroumpfs ?
Gargamel
92%
Quelle princesse Disney reçoit une pomme empoisonnée de sa belle-mère ?Blanche-Neige
90%
Qui est cette chanteuse, qui a vêtu une robe faite de viande en 2010 ?
Lady Gaga
90%
Quel est cet acteur, qui a reçu l'oscar du meilleur acteur pour son rôle de Hugh Glass en 2015 ?
Leonardo DiCaprio
69%
Quelle est cette ville, que la statue du Christ Rédempteur située sur le mont Corcovado surplombe ?
Rio de Janeiro
64%
Lady Gaga + GargamelLady Gagargamel
56%
Quel nom la ville de Saint-Pétersbourg portait-elle entre 1924 et 1991 ?Léningrad
56%
Quel état du Mexique a donné son nom à une race de chiens de petite taille ?Chihuahua
54%
Leonardo DiCaprio + Rio de JaneiroLeonardo DiCaprio de Janeiro
44%
En mathématiques, quelle unité de mesure d'angle vaut 2π degrés pour un angle plein ?Radian
38%
Quelle région espagnole a comme capitale Séville ?Andalousie
33%
Léningrad + RadianLéningradian
28%
Quelle est la ville la plus peuplée du Pakistan ?Karachi
26%
Quelle est l'unité SI de la charge électrique ?Coulomb
23%
Quel adjectif réfère au nombril ?Ombilical
23%
Comment se nommait le dictateur portugais qui a occupé le poste de premier ministre de 1932 à 1968 ?António de Oliveira Salazar
21%
Karachi + ChihuahuaKarachihuahua
21%
Coulomb + OmbilicalCoulombilical
18%
Quelle déesse grecque, assimiliée à la discorde, lance une pomme d'or avec la mention "pour la plus belle", ce qui mène au jugement de Pâris, prélude à la guerre de Troie ?Eris
18%
Quel est le nom complet du détective joué par Daniel Craig dans Knives Out (À couteaux tirés) ?Benoît Blanc
15%
Benoît Blanc + Blanche-NeigeBenoît Blanche-Neige
15%
Comment est écrit le nom du fondateur du zoroastrisme dans le titre d'une oeuvre de Nietzsche ?Zarathoustra
13%
À quel écrivain colombien, prix nobel de littérature en 1982, doit-on le roman Cent ans de solitude ?Gabriel Garcia-Marquez
10%
Salazar + ZarathoustraAntónio de Oliveira Salazarathoustra
8%
Eris + RissolerErissoler
8%
Quel verbe du premier groupe désigne l'action de dorer un aliment, par exemple des patates, dans une matière grasse très chaude ?Rissoler
8%
Gabriel Garcia-Marquez + Quezon CityGabriel Garcia-Marquezon City
5%
Quel est le seul président américain à avoir effectué deux mandats non-consécutifs ?Grover Cleveland
5%
Cleveland + AndalousieGrover Clevelandalousie
5%
Quelle est la ville la plus peuplée des Philippines et en a été la capitale de 1948 à 1976 ?Quezon City
5%

Distribution des résultats

Percentile par nombre de réponses

% des personnes avec chaque résultat

Votre développement - résultats

Vous n’avez pas pris ce quiz